ბათუმის შოთა რუსთაველის სახელმწიფო უნივერსიტეტის ბიბლიოთეკა

Estimating Construction Costs / (ბიბ.ჩანაწერი № 41106)

000 -LEADER
fixed length control field 00627nam a2200217Ia 4500
001 - CONTROL NUMBER
control field 7756
003 - CONTROL NUMBER IDENTIFIER
control field GE_BSU
005 - DATE AND TIME OF LATEST TRANSACTION
control field 20221116112300.0
008 - FIXED-LENGTH DATA ELEMENTS--GENERAL INFORMATION
fixed length control field 181216s2004en xx |||||||||||||| ||eng||
020 ## - INTERNATIONAL STANDARD BOOK NUMBER
International Standard Book Number 0072435801 x
040 ## - CATALOGING SOURCE
Transcribing agency GE_BSU
041 ## - LANGUAGE CODE
Language code of text/sound track or separate title eng
080 ## - UNIVERSAL DECIMAL CLASSIFICATION NUMBER
Universal Decimal Classification number 692.5 P-54
100 ## - MAIN ENTRY--PERSONAL NAME
Personal name Peurifoy R.L.
9 (RLIN) 14743
245 ## - TITLE STATEMENT
Title Estimating Construction Costs /
Statement of responsibility, etc. R.L. Peurifoy
264 ## - PRODUCTION, PUBLICATION, DISTRIBUTION, MANUFACTURE, AND COPYRIGHT NOTICE
Place of production, publication, distribution, manufacture Boston :
Name of producer, publisher, distributor, manufacturer Mc Graw-Hill,
Date of production, publication, distribution, manufacture, or copyright notice 2004.
300 ## - PHYSICAL DESCRIPTION
Extent 560p
Other physical details III, CD
Dimensions 25 cm.
653 ## - INDEX TERM--UNCONTROLLED
keyword Estimating Construction Costs
653 ## - INDEX TERM--UNCONTROLLED
keyword მშენებლობის ხარჯების შეფასება
942 ## - ADDED ENTRY ELEMENTS (KOHA)
Koha item type წიგნი
Source of classification or shelving scheme
ეგზემპლარები
Withdrawn status Lost status Source of classification or shelving scheme Damaged status Not for loan Permanent Location Current Location Shelving location Date acquired Cost, normal purchase price Full call number Barcode Date last seen Copy number Price effective from Koha item type Public note
          ბათუმის შოთა რუსთაველის სახელმწიფო უნივერსიტეტის მთავარი ბიბლიოთეკა ტექნოლოგიური ფაკულტეტის ბიბლიოთეკა წიგნსაცავი 2018-12-17 386.00 692.5 P-54 24133 2018-12-17 24133 2018-12-17 წიგნი 386gel.